[Event "Aeroflot Open 2011 B"]
[Site "Moscu RUS"]
[Date "2011.02.08"]
[Round "1.1"]
[White "Lou, Yiping"]
[Black "Lenderman, Aleksandr"]
[Result "1/2-1/2"]
[WhiteElo "2494"]
[BlackElo "2549"]
[PlyCount "144"]
[EventDate "2011.02.08"]
[EventType "swiss"]
[EventRounds "9"]
[EventCountry "RUS"]
[Source "lmi"]
[SourceDate "2011.02.08"]

1. d4 Nf6 2. c4 e6 3. Nc3 Bb4 4. Qc2 O-O 5. a3 Bxc3+ 6. Qxc3 d5 7. Nf3 dxc4 8.
Qxc4 b6 9. Bg5 Ba6 10. Qa4 Qd7 11. Qxd7 Nbxd7 12. Bxf6 Nxf6 13. e3 Bxf1 14.
Rxf1 Rfc8 15. Rc1 c5 16. dxc5 Rc7 17. Ke2 Rac8 18. Rfd1 Kf8 19. Ne5 Rxc5 20.
Rxc5 Rxc5 21. Nd7+ Nxd7 22. Rxd7 Rc2+ 23. Rd2 Rc7 24. e4 Ke7 25. f4 h6 26. Ke3
g5 27. g3 Rc5 28. Kf3 Kf6 29. h4 gxh4 30. gxh4 a5 31. Rd3 Rb5 32. b3 Rc5 33. a4
b5 34. axb5 Rxb5 35. Rc3 Kg6 36. Kg4 f5+ 37. exf5+ exf5+ 38. Kg3 Kh5 39. Re3
Rb4 40. Rd3 Rb8 41. Kh3 Rb7 42. Kg3 Rg7+ 43. Kh3 Re7 44. Kg3 Rb7 45. Kh3 Rb6
46. Kg3 Rb4 47. Rc3 Rd4 48. Re3 Rd1 49. Rc3 Rg1+ 50. Kh3 Rg4 51. Rc4 Rxh4+ 52.
Kg3 Rg4+ 53. Kh3 Kg6 54. b4 axb4 55. Rxb4 Kf6 56. Rb6+ Kg7 57. Rb7+ Kg6 58.
Rb6+ Kh5 59. Rb4 Rg6 60. Rb5 Rf6 61. Ra5 Kg6 62. Kh4 Re6 63. Rb5 Re1 64. Rb6+
Kg7 65. Rb7+ Kf6 66. Rb6+ Ke7 67. Rxh6 Rg1 68. Ra6 Rg4+ 69. Kh3 Kf7 70. Rb6 Ke7
71. Ra6 Rxf4 72. Kg3 Rg4+ 1/2-1/2

[Event "Aeroflot Open 2011 B"]
[Site "Moscu RUS"]
[Date "2011.02.08"]
[Round "1.2"]
[White "Shaposhnikov, Evgeny"]
[Black "Batchuluun, Tsegmed"]
[Result "1/2-1/2"]
[WhiteElo "2549"]
[BlackElo "2424"]
[PlyCount "157"]
[EventDate "2011.02.08"]
[EventType "swiss"]
[EventRounds "9"]
[EventCountry "RUS"]
[Source "lmi"]
[SourceDate "2011.02.08"]

1. e4 e5 2. Nf3 Nc6 3. Bc4 Bc5 4. c3 Nf6 5. d3 a6 6. Bb3 d6 7. h3 h6 8. Nbd2
O-O 9. Nf1 Be6 10. Ng3 d5 11. Qe2 Re8 12. O-O Qd7 13. Rd1 d4 14. Bxe6 Qxe6 15.
Nf5 dxc3 16. bxc3 Bf8 17. Be3 Rad8 18. Qb2 b6 19. Qb3 Qxb3 20. axb3 a5 21. Kf1
Rd7 22. Ke2 Na7 23. Bc1 Nb5 24. Bb2 c5 25. Ne3 Rc7 26. Nd2 g6 27. g3 Rc6 28.
Ndc4 Nd6 29. Nxd6 Rxd6 30. Rab1 Rc6 31. f3 Bg7 32. c4 Nd7 33. Nd5 Nf6 34. Ne3
Nd7 35. Rf1 Nf8 36. Nd5 Ne6 37. Bc3 Nc7 38. Ne3 Ne6 39. Nd5 Nc7 40. Ne3 Ne6 41.
Kd2 h5 42. Nd5 Nc7 43. f4 exf4 44. gxf4 Bxc3+ 45. Kxc3 f5 46. exf5 Nxd5+ 47.
cxd5 Rd6 48. Rbe1 Red8 49. fxg6 Rxd5 50. Rf3 R8d6 51. f5 Rf6 52. Re8+ Kg7 53.
Re7+ Kg8 54. Rb7 h4 55. Re3 Rfxf5 56. Rxb6 Rde5 57. Rxe5 Rxe5 58. Ra6 Re3 59.
Rxa5 Kg7 60. Rxc5 Rxh3 61. b4 Rh1 62. Rg5 h3 63. Kd4 Rb1 64. Rh5 Rxb4+ 65. Kc5
Kxg6 66. Rxh3 Rb3 67. Kc4 Rb8 68. d4 Kf6 69. Re3 Rc8+ 70. Kd3 Rd8 71. Re1 Kf5
72. Re7 Kf6 73. Re5 Rc8 74. Re4 Rc7 75. Re1 Re7 76. Rc1 Ke6 77. Rc5 Kd6 78. Re5
Rxe5 79. dxe5+ 1/2-1/2

[Event "Aeroflot Open 2011 B"]
[Site "Moscu RUS"]
[Date "2011.02.08"]
[Round "1.4"]
[White "Ulibin, Mikhail"]
[Black "Predke, Alexandr"]
[Result "0-1"]
[WhiteElo "2547"]
[BlackElo "2415"]
[PlyCount "146"]
[EventDate "2011.02.08"]
[EventType "swiss"]
[EventRounds "9"]
[EventCountry "RUS"]
[Source "lmi"]
[SourceDate "2011.02.08"]

1. d4 Nf6 2. c4 e6 3. Nc3 Bb4 4. f3 d5 5. a3 Bxc3+ 6. bxc3 c5 7. cxd5 Nxd5 8.
dxc5 f5 9. Nh3 Qa5 10. Nf4 O-O 11. Nxd5 exd5 12. Qxd5+ Kh8 13. Rb1 Nc6 14. Bf4
Qxc3+ 15. Qd2 Qxa3 16. e3 Re8 17. Rc1 Be6 18. Kf2 Qb4 19. Qxb4 Nxb4 20. Rb1 a5
21. Bd6 Bd5 22. Bb5 Bc6 23. Bxc6 bxc6 24. Rb3 Ra7 25. Ra1 Rea8 26. Ra4 Kg8 27.
Ke2 Kf7 28. Kd2 Ke6 29. Kc3 Rb7 30. Kc4 Rb5 31. h4 Ra7 32. Ra1 Rab7 33. Rb2 Nd5
34. Rxb5 Rxb5 35. Ra3 Rb4+ 36. Kd3 a4 37. g3 h5 38. Kc2 g6 39. Bf8 Rb3 40. Rxa4
Rxe3 41. Kd2 Rxf3 42. Ra6 Nb4 43. Rb6 Rd3+ 44. Ke2 Rd4 45. Bd6 Kd5 46. Rb8 Na6
47. Rg8 Re4+ 48. Kf3 Re6 49. Bf4 Nxc5 50. Rd8+ Kc4 51. Rg8 Nd3 52. Bh6 c5 53.
Bg7 Kb3 54. Rd8 Ne5+ 55. Kf4 Nf7 56. Rb8+ Kc4 57. Rb7 Re4+ 58. Kf3 Ne5+ 59. Kf2
Nc6 60. Rb6 Re6 61. Rb2 Nd4 62. Ra2 Kd3 63. Ra3+ Ke4 64. Rc3 Kd5 65. Ra3 Re2+
66. Kf1 Re7 67. Bf6 Re6 68. Bg7 c4 69. Ra8 Nb5 70. Rb8 Nd6 71. Rd8 Re8 72. Rd7
Ke6 73. Ra7 Re7 0-1

[Event "Aeroflot Open 2011 B"]
[Site "Moscu RUS"]
[Date "2011.02.08"]
[Round "1.5"]
[White "Hamitevici, Vladimir"]
[Black "Gabrielian, Artur"]
[Result "0-1"]
[WhiteElo "2412"]
[BlackElo "2543"]
[PlyCount "78"]
[EventDate "2011.02.08"]
[EventType "swiss"]
[EventRounds "9"]
[EventCountry "RUS"]
[Source "lmi"]
[SourceDate "2011.02.08"]

1. d4 Nf6 2. c4 g6 3. g3 Bg7 4. Bg2 d5 5. cxd5 Nxd5 6. e4 Nb6 7. Ne2 O-O 8. O-O
Nc6 9. d5 Na5 10. Nbc3 c6 11. b3 cxd5 12. exd5 Bg4 13. f3 Bd7 14. Be3 e6 15.
dxe6 Bxe6 16. Rc1 Qe7 17. Qe1 Nc6 18. Ne4 Rfd8 19. Bc5 Qc7 20. Qf2 Nd7 21. Be3
Bf5 22. f4 Bxe4 23. Bxe4 Nf6 24. Bf3 Qa5 25. g4 Qxa2 26. Qg2 Qxb3 27. Bf2 Rd2
28. Rb1 Rb2 29. Rbd1 Re8 30. Ng3 h6 31. h4 Re3 32. Bxe3 Rxg2+ 33. Kxg2 Qxe3 34.
g5 hxg5 35. hxg5 Nh7 36. Rd7 Nf8 37. Rxb7 Nd4 38. Bd5 Nde6 39. Ne4 Nxf4+ 0-1

[Event "Aeroflot Open 2011 B"]
[Site "Moscu RUS"]
[Date "2011.02.08"]
[Round "1.6"]
[White "Pridorozhni, Aleksei"]
[Black "Abbasifar, Hasan"]
[Result "1-0"]
[WhiteElo "2543"]
[BlackElo "2411"]
[PlyCount "95"]
[EventDate "2011.02.08"]
[EventType "swiss"]
[EventRounds "9"]
[EventCountry "RUS"]
[Source "lmi"]
[SourceDate "2011.02.08"]

1. e4 e5 2. Bc4 Nf6 3. d3 Bc5 4. Nc3 d6 5. Nf3 Nc6 6. Na4 Bb6 7. Nxb6 axb6 8.
c3 h6 9. Bb3 O-O 10. Bc2 d5 11. Qe2 dxe4 12. dxe4 Be6 13. b3 Nd7 14. O-O Qe7
15. h3 Rfd8 16. Rd1 Nc5 17. Rxd8+ Qxd8 18. Bb2 Qe7 19. Nh2 Qg5 20. Nf3 Qe7 21.
Kh2 Qf6 22. g3 Ne7 23. Nh4 g5 24. Ng2 Qg6 25. Ne3 f6 26. c4 c6 27. f4 Qe8 28.
fxe5 fxe5 29. Bxe5 Ng6 30. Bc3 Nd7 31. Qh5 Kh7 32. Nf5 Bxf5 33. exf5 Ngf8 34.
Qf3 Ne5 35. Qe4 Nfd7 36. f6+ Ng6 37. a4 Qxe4 38. Bxe4 Ndf8 39. f7 Rd8 40. Rf1
Rd7 41. Rf6 Rd8 42. g4 Ra8 43. Kg3 Rd8 44. Kf2 Ra8 45. Ke3 Rd8 46. Be5 Ra8 47.
Bd6 Kg7 48. Rxg6+ 1-0

[Event "Aeroflot Open 2011 B"]
[Site "Moscu RUS"]
[Date "2011.02.08"]
[Round "1.7"]
[White "Carlstedt, Jonathan"]
[Black "Rogozenco, Dorian"]
[Result "1/2-1/2"]
[WhiteElo "2409"]
[BlackElo "2534"]
[PlyCount "71"]
[EventDate "2011.02.08"]
[EventType "swiss"]
[EventRounds "9"]
[EventCountry "RUS"]
[Source "lmi"]
[SourceDate "2011.02.08"]

1. c4 Nf6 2. g3 e6 3. Bg2 d5 4. Nf3 dxc4 5. Qa4+ c6 6. Qxc4 b5 7. Qc2 Bb7 8.
Nc3 Nbd7 9. O-O Be7 10. d4 Rc8 11. Rd1 O-O 12. Bg5 b4 13. Na4 c5 14. dxc5 Qc7
15. Rac1 Bc6 16. Nd4 Bxg2 17. Kxg2 Nxc5 18. Nxc5 Bxc5 19. Qd3 Qe5 20. Bf4 Qd5+
21. Qf3 Bxd4 22. Rxc8 Rxc8 23. Qxd5 Nxd5 24. Rxd4 a5 25. Bd2 f5 26. a3 Rc2 27.
axb4 a4 28. b5 Rxb2 29. Bc1 Rb1 30. Ba3 Nc3 31. Rc4 Rb3 32. Bc5 a3 33. Bxa3
Rxa3 34. b6 Rb3 35. b7 Rxb7 36. Rxc3 1/2-1/2

[Event "Aeroflot Open 2011 B"]
[Site "Moscu RUS"]
[Date "2011.02.08"]
[Round "1.8"]
[White "Panarin, Mikhail"]
[Black "Poetsch, Hagen"]
[Result "1/2-1/2"]
[WhiteElo "2533"]
[BlackElo "2408"]
[PlyCount "64"]
[EventDate "2011.02.08"]
[EventType "swiss"]
[EventRounds "9"]
[EventCountry "RUS"]
[Source "lmi"]
[SourceDate "2011.02.08"]

1. e4 e6 2. d4 d5 3. Nd2 Be7 4. e5 c5 5. c3 Nc6 6. Ndf3 f6 7. Bd3 fxe5 8. Nxe5
Nf6 9. Ngf3 cxd4 10. cxd4 Qc7 11. O-O Nxd4 12. Nxd4 Qxe5 13. Re1 Qh5 14. Qxh5+
Nxh5 15. Nxe6 Bxe6 16. Rxe6 Kf7 17. Re5 Nf6 18. Bg5 h6 19. Bxf6 Bxf6 20. Rxd5
Rhd8 21. Bc4 Rxd5 22. Bxd5+ Kf8 23. Rd1 Bxb2 24. Bxb7 Rb8 25. Ba6 Rb4 26. Bf1
Rd4 27. Bd3 Rd6 28. Kf1 Rc6 29. Rd2 Rc1+ 30. Ke2 Bc3 31. Rc2 Rxc2+ 32. Bxc2 Ke7
1/2-1/2

[Event "Aeroflot Open 2011 B"]
[Site "Moscu RUS"]
[Date "2011.02.08"]
[Round "1.9"]
[White "Romanko, Marina"]
[Black "Pavlov, Sergey"]
[Result "1/2-1/2"]
[WhiteElo "2404"]
[BlackElo "2530"]
[PlyCount "77"]
[EventDate "2011.02.08"]
[EventType "swiss"]
[EventRounds "9"]
[EventCountry "RUS"]
[Source "lmi"]
[SourceDate "2011.02.08"]

1. d4 Nf6 2. c4 e6 3. Nc3 Bb4 4. Qc2 O-O 5. a3 Bxc3+ 6. Qxc3 b5 7. cxb5 c6 8.
bxc6 Nxc6 9. Bg5 h6 10. Bxf6 Qxf6 11. e3 Bb7 12. Nf3 Rfc8 13. Be2 Qg6 14. Qd3
Qxg2 15. Rg1 Qh3 16. Rg3 Qf5 17. Qxf5 exf5 18. Bd3 Ne7 19. Kd2 a5 20. Ne5 d6
21. Nc4 Ra6 22. b3 Be4 23. Rgg1 a4 24. Rgb1 Bxd3 25. Kxd3 Rac6 26. Nd2 Rc3+ 27.
Ke2 f4 28. bxa4 fxe3 29. fxe3 Nf5 30. Nf1 Nxe3 31. Nxe3 Re8 32. Kd2 Rcxe3 33.
a5 Re2+ 34. Kd3 d5 35. Rb8 R2e3+ 36. Kd2 Re2+ 37. Kd3 R2e3+ 38. Kd2 Re2+ 39.
Kd3 1/2-1/2

[Event "Aeroflot Open 2011 B"]
[Site "Moscu RUS"]
[Date "2011.02.08"]
[Round "1.10"]
[White "Tseshkovsky, Vitaly"]
[Black "Feuerstack, Aljoscha"]
[Result "0-1"]
[WhiteElo "2528"]
[BlackElo "2404"]
[PlyCount "68"]
[EventDate "2011.02.08"]
[EventType "swiss"]
[EventRounds "9"]
[EventCountry "RUS"]
[Source "lmi"]
[SourceDate "2011.02.08"]

1. e4 c6 2. d4 d5 3. f3 Qb6 4. Nc3 dxe4 5. Nxe4 Bf5 6. c3 Nd7 7. Bd3 Bg6 8. f4
e6 9. Nf3 Ngf6 10. Ng3 Bd6 11. O-O Bxd3 12. Qxd3 O-O 13. Kh1 c5 14. dxc5 Nxc5
15. Qe2 Qa6 16. Qxa6 bxa6 17. Be3 Na4 18. Rad1 Rfd8 19. Bc1 Rab8 20. Nd2 Bc7
21. Nc4 Rd5 22. Ne2 Ne4 23. Kg1 Rbd8 24. Rxd5 exd5 25. Ne5 Bxe5 26. fxe5 Rb8
27. Nd4 Nxb2 28. e6 f6 29. Nc6 Rb7 30. Bxb2 Rxb2 31. Ne7+ Kf8 32. Nxd5 Nd6 33.
c4 Rc2 34. Rd1 Nxc4 0-1

[Event "Aeroflot Open 2011 B"]
[Site "Moscu RUS"]
[Date "2011.02.08"]
[Round "1.11"]
[White "Alavkin, Arseny"]
[Black "Gomez, John Paul"]
[Result "0-1"]
[WhiteElo "2393"]
[BlackElo "2527"]
[PlyCount "88"]
[EventDate "2011.02.08"]
[EventType "swiss"]
[EventRounds "9"]
[EventCountry "RUS"]
[Source "lmi"]
[SourceDate "2011.02.08"]

1. e4 c5 2. Nf3 g6 3. d4 cxd4 4. Qxd4 Nf6 5. e5 Nc6 6. Qa4 Nd5 7. Qe4 Ndb4 8.
Bb5 Bg7 9. Nc3 O-O 10. a3 d5 11. Qe2 Na6 12. Bf4 Nc7 13. O-O Nxb5 14. Qxb5 d4
15. Ne4 Bg4 16. Ned2 Qd7 17. Rfe1 a6 18. Qd3 Rad8 19. Rad1 Qd5 20. h3 Bf5 21.
Ne4 Bxe5 22. c4 Qe6 23. Nxe5 Nxe5 24. Qg3 Nc6 25. Ng5 Qxc4 26. Qh4 h5 27. g4
Bc2 28. gxh5 gxh5 29. Qxh5 Qd5 30. Kh2 Qf5 31. Qh4 e5 32. Bd2 f6 33. Rg1 Bxd1
34. Qh6 fxg5 35. Rxg5+ Qxg5 36. Qxg5+ Kf7 37. Qf5+ Ke7 38. Bg5+ Kd6 39. Qg6+
Kc7 40. Bxd8+ Rxd8 41. Qd3 Ba4 42. h4 Bb5 43. Qd2 d3 44. h5 Nd4 0-1

[Event "Aeroflot Open 2011 B"]
[Site "Moscu RUS"]
[Date "2011.02.08"]
[Round "1.12"]
[White "Iljushin, Alexei"]
[Black "Bajarani, Ulvi"]
[Result "1-0"]
[WhiteElo "2527"]
[BlackElo "2393"]
[PlyCount "81"]
[EventDate "2011.02.08"]
[EventType "swiss"]
[EventRounds "9"]
[EventCountry "RUS"]
[Source "lmi"]
[SourceDate "2011.02.08"]

1. d4 d5 2. c4 c6 3. Nf3 Nf6 4. Qb3 dxc4 5. Qxc4 Bf5 6. g3 Nbd7 7. Bg2 e6 8.
O-O Be7 9. e3 O-O 10. Qe2 Ne4 11. Ne1 c5 12. Nc3 Ndf6 13. f3 Nxc3 14. bxc3 Bg6
15. Bb2 Nd5 16. e4 Nb6 17. Rd1 Na4 18. Ba1 Qa5 19. f4 cxd4 20. cxd4 Rfe8 21. d5
Nc3 22. Bxc3 Qxc3 23. g4 Bc5+ 24. Kh1 h6 25. Nd3 Bd4 26. e5 exd5 27. f5 Bh7 28.
Bxd5 Rad8 29. Bxb7 g6 30. e6 Qc7 31. Be4 gxf5 32. gxf5 Kh8 33. Nf4 Be5 34. Nd5
Qc5 35. e7 Rb8 36. Rc1 Qa3 37. Rb1 Qh3 38. Rxb8 Rxb8 39. Bd3 f6 40. Nxf6 Bxf6
41. e8=Q+ 1-0

[Event "Aeroflot Open 2011 B"]
[Site "Moscu RUS"]
[Date "2011.02.08"]
[Round "1.13"]
[White "Kovanova, Baira"]
[Black "Stupak, Kirill"]
[Result "0-1"]
[WhiteElo "2391"]
[BlackElo "2527"]
[PlyCount "54"]
[EventDate "2011.02.08"]
[EventType "swiss"]
[EventRounds "9"]
[EventCountry "RUS"]
[Source "lmi"]
[SourceDate "2011.02.08"]

1. e4 e6 2. d3 c5 3. Nf3 Nc6 4. g3 g6 5. Bg2 Bg7 6. O-O Nge7 7. c3 d5 8. Qe2 e5
9. exd5 Qxd5 10. Be3 Qd6 11. Nbd2 b6 12. Nc4 Qc7 13. Nfxe5 Bxe5 14. Bg5 f6 15.
Nxe5 fxe5 16. Bxe7 Kxe7 17. Bxc6 Qxc6 18. Qxe5+ Be6 19. Qg7+ Kd6 20. Rfe1 Rhe8
21. d4 Qf3 22. Re3 Qf7 23. Qe5+ Kc6 24. dxc5 Rad8 25. Rae1 Bh3 26. Qg5 Qf3 27.
Re6+ Bxe6 0-1

[Event "Aeroflot Open 2011 B"]
[Site "Moscu RUS"]
[Date "2011.02.08"]
[Round "1.14"]
[White "Shimanov, Aleksandr"]
[Black "Artemiev, Vladislav"]
[Result "1-0"]
[WhiteElo "2520"]
[BlackElo "2384"]
[PlyCount "91"]
[EventDate "2011.02.08"]
[EventType "swiss"]
[EventRounds "9"]
[EventCountry "RUS"]
[Source "lmi"]
[SourceDate "2011.02.08"]

1. d4 d5 2. Nf3 Nc6 3. c4 Bg4 4. Nc3 e6 5. Bf4 Bxf3 6. gxf3 dxc4 7. e3 Bd6 8.
Bg3 Nf6 9. Bxc4 O-O 10. a3 e5 11. dxe5 Nxe5 12. Be2 a6 13. Qc2 Qe7 14. O-O-O
Rfe8 15. Bh4 Qe6 16. Bxf6 Qxf6 17. f4 Nd7 18. Ne4 Qe7 19. Bd3 Kh8 20. Rhg1 Rad8
21. Qc3 Rg8 22. Rg5 f6 23. Rh5 g6 24. Rd5 Rgf8 25. Bc2 Nb6 26. R5d2 Nc8 27. h4
Rde8 28. h5 gxh5 29. Rh1 Qf7 30. Ng5 Qg7 31. Nxh7 Rf7 32. Rxh5 Kg8 33. Bb3 Be7
34. Bxf7+ Qxf7 35. Rh1 Nd6 36. Rdd1 Qc4 37. Qxc4+ Nxc4 38. Rd7 Nd6 39. Rxc7 Kf7
40. Nxf6 Kxf6 41. Rh6+ Kf5 42. Rxe7 Rxe7 43. Rxd6 Ke4 44. Kd2 Kf3 45. f5 Kxf2
46. Rd4 1-0

[Event "Aeroflot Open 2011 B"]
[Site "Moscu RUS"]
[Date "2011.02.08"]
[Round "1.16"]
[White "Khachiyan, Melikset"]
[Black "Gabuzyan, Hovhannes"]
[Result "*"]
[WhiteElo "2518"]
[BlackElo "2380"]
[PlyCount "172"]
[EventDate "2011.02.08"]
[EventType "swiss"]
[EventRounds "9"]
[EventCountry "RUS"]
[Source "lmi"]
[SourceDate "2011.02.08"]

1. Nf3 Nf6 2. g3 g6 3. Bg2 Bg7 4. O-O O-O 5. d4 d6 6. Nbd2 Nbd7 7. e4 e5 8. c3
b6 9. Re1 Bb7 10. d5 a5 11. b4 Qe7 12. Ba3 axb4 13. Bxb4 Nc5 14. Qb1 Nfd7 15.
Nb3 Ba6 16. Bxc5 dxc5 17. a4 f5 18. a5 b5 19. Bh3 c4 20. Nbd2 fxe4 21. Qxe4 Nc5
22. Qe3 Rad8 23. Ne4 Nxe4 24. Qxe4 Bb7 25. Be6+ Qxe6 26. dxe6 Bxe4 27. Ng5 Rfe8
28. Nxe4 Rxe6 29. Red1 Rxd1+ 30. Rxd1 Ra6 31. Rd8+ Bf8 32. Rd7 Bg7 33. Rxc7
Rxa5 34. Rb7 Ra1+ 35. Kg2 Rb1 36. h4 Rb2 37. g4 h6 38. h5 g5 39. Kf3 Rb3 40.
Ke2 Rb2+ 41. Kd1 Rb1+ 42. Kd2 Rb2+ 43. Ke3 Rb3 44. f3 Rb2 45. Nd6 e4 46. Rxb5
Rb3 47. Kxe4 Rxc3 48. Rb8+ Kh7 49. Rc8 Rd3 50. Nf5 Rd7 51. Rxc4 Ra7 52. Kd5
Rd7+ 53. Ke6 Ra7 54. Rc6 Bf8 55. Rc8 Ra6+ 56. Kf7 Ba3 57. Rc7 Rb6 58. Ke8+ Kh8
59. Kd7 Rb3 60. Nxh6 Rxf3 61. Ke6 Rf4 62. Nf7+ Kg8 63. Rc8+ Bf8 64. Ne5 Kg7 65.
Rc7+ Kg8 66. Ng6 Rxg4 67. Rc8 Kg7 68. Rxf8 Rg1 69. Rc8 Rh1 70. Rc7+ Kh6 71. Ne5
Re1 72. Rc8 g4 73. Kf5 Rf1+ 74. Kxg4 Rg1+ 75. Kh4 Rh1+ 76. Kg3 Rxh5 77. Rh8+
Kg5 78. Nf3+ Kg6 79. Nh4+ Kg5 80. Rf8 Kh6 81. Nf5+ Kg5 82. Ne7 Rh1 83. Rf5+ Kh6
84. Rf6+ Kg7 85. Rf2 Rg1+ 86. Kf4 Kf6 *

[Event "Aeroflot Open 2011 B"]
[Site "Moscu RUS"]
[Date "2011.02.08"]
[Round "1.17"]
[White "Kremenietsky, Anatoly M"]
[Black "Laylo, Darwin"]
[Result "0-1"]
[WhiteElo "2372"]
[BlackElo "2516"]
[PlyCount "106"]
[EventDate "2011.02.08"]
[EventType "swiss"]
[EventRounds "9"]
[EventCountry "RUS"]
[Source "lmi"]
[SourceDate "2011.02.08"]

1. Nf3 Nf6 2. d4 g6 3. g3 Bg7 4. Bg2 d5 5. c4 dxc4 6. Qa4+ Nbd7 7. Nc3 O-O 8.
Qxc4 a6 9. Bf4 c6 10. O-O Nb6 11. Qd3 Nbd5 12. Nxd5 Nxd5 13. Bd2 Qb6 14. a3 Qb5
15. Qxb5 axb5 16. e4 Nb6 17. Bb4 Re8 18. Rad1 Be6 19. Rfe1 Na4 20. d5 Bg4 21.
b3 c5 22. bxa4 cxb4 23. axb4 bxa4 24. e5 a3 25. Ra1 Ra4 26. Ra2 Rea8 27. h3
Bxf3 28. Bxf3 Rxb4 29. Re3 Rb2 30. Raxa3 Rxa3 31. Rxa3 Bxe5 32. Rd3 Bd6 33. Bd1
Bc5 34. Rf3 Kg7 35. g4 f5 36. g5 h6 37. h4 Rd2 38. gxh6+ Kxh6 39. Bb3 Rd4 40.
Rc3 b6 41. Rh3 Kh5 42. Kf1 Rxh4 43. Rxh4+ Kxh4 44. Ba4 Kg4 45. Ke2 Kf4 46. Be8
g5 47. Bd7 Ke4 48. Bc6 Bd6 49. Bd7 g4 50. Kf1 g3 51. fxg3 Bxg3 52. Ke2 Bd6 53.
Kf2 f4 0-1

[Event "Aeroflot Open 2011 B"]
[Site "Moscu RUS"]
[Date "2011.02.08"]
[Round "1.18"]
[White "Wen, Yang"]
[Black "Vishnu, Prasanna V"]
[Result "1-0"]
[WhiteElo "2509"]
[BlackElo "2369"]
[PlyCount "37"]
[EventDate "2011.02.08"]
[EventType "swiss"]
[EventRounds "9"]
[EventCountry "RUS"]
[Source "lmi"]
[SourceDate "2011.02.08"]

1. d4 d5 2. c4 c6 3. Nf3 Nf6 4. Nc3 e6 5. Bg5 dxc4 6. a4 Bb4 7. e4 Bxc3+ 8.
bxc3 Qa5 9. e5 Ne4 10. Rc1 Qd5 11. Be3 c5 12. Qc2 Nc6 13. Rd1 cxd4 14. Nxd4
Nxe5 15. Nb5 Nd3+ 16. Bxd3 cxd3 17. Nc7+ Kf8 18. Rxd3 Qc6 19. Rd8+ 1-0

[Event "Aeroflot Open 2011 B"]
[Site "Moscu RUS"]
[Date "2011.02.08"]
[Round "1.19"]
[White "Arslanov, Shamil"]
[Black "Durarbeyli, Vasif"]
[Result "0-1"]
[WhiteElo "2368"]
[BlackElo "2504"]
[PlyCount "106"]
[EventDate "2011.02.08"]
[EventType "swiss"]
[EventRounds "9"]
[EventCountry "RUS"]
[Source "lmi"]
[SourceDate "2011.02.08"]

1. e4 c5 2. c3 Nf6 3. e5 Nd5 4. d4 cxd4 5. Qxd4 e6 6. Nf3 Nc6 7. Qe4 f5 8. Qe2
Qc7 9. g3 b6 10. Bg2 Ncb4 11. Qd1 Ba6 12. Bf1 Bxf1 13. Kxf1 Nc6 14. Qe2 h6 15.
h4 Bc5 16. Bf4 a5 17. a4 O-O 18. Kg2 d6 19. Nbd2 Nxf4+ 20. gxf4 dxe5 21. Nxe5
Nxe5 22. Qxe5 Bd6 23. Qxe6+ Kh8 24. Qc4 Qb7+ 25. Nf3 Rac8 26. Qd3 Bxf4 27. Rad1
Qf7 28. h5 Rc4 29. Qd5 Rxa4 30. Qxf7 Rxf7 31. Nh4 Bg5 32. Ng6+ Kg8 33. f4 Bf6
34. Rhe1 Re4 35. Rxe4 fxe4 36. Rd5 Rc7 37. Kf2 Rc5 38. Rxc5 bxc5 39. Ke3 Bxc3
40. b3 c4 41. Ne7+ Kf7 42. Nd5 Be1 43. Ke2 cxb3 44. Kxe1 a4 45. Kd2 a3 46. Kc3
a2 47. Kb2 g6 48. hxg6+ Kxg6 49. Ne7+ Kf6 50. Ng8+ Kg7 51. Ne7 Kf6 52. Ng8+ Kf5
53. Nxh6+ Kxf4 0-1

[Event "Aeroflot Open 2011 B"]
[Site "Moscu RUS"]
[Date "2011.02.08"]
[Round "1.20"]
[White "Ismagambetov, Anuar"]
[Black "Yuferev, Oleg"]
[Result "1-0"]
[WhiteElo "2499"]
[BlackElo "2367"]
[PlyCount "67"]
[EventDate "2011.02.08"]
[EventType "swiss"]
[EventRounds "9"]
[EventCountry "RUS"]
[Source "lmi"]
[SourceDate "2011.02.08"]

1. e4 e6 2. d4 d5 3. Nd2 c5 4. exd5 Qxd5 5. Ngf3 cxd4 6. Bc4 Qd8 7. O-O a6 8.
Re1 Nc6 9. Nb3 Bb4 10. Bd2 Bd6 11. Bg5 Qc7 12. Nbxd4 Ne5 13. Bb5+ Kf8 14. Bf1
Nxf3+ 15. Nxf3 Ne7 16. Qd2 Ng6 17. Rad1 Be7 18. Bxe7+ Kxe7 19. Qb4+ Ke8 20. Nd4
Ne7 21. Bb5+ Kf8 22. Nf5 axb5 23. Nxe7 Ra4 24. Ng6+ Ke8 25. Qxb5+ Bd7 26. Rxd7
Qxd7 27. Qxd7+ Kxd7 28. Nxh8 f6 29. a3 Rd4 30. Kf1 Rd2 31. Re2 Rd1+ 32. Re1 Rd2
33. Re3 Rxc2 34. Rh3 1-0

[Event "Aeroflot Open 2011 B"]
[Site "Moscu RUS"]
[Date "2011.02.08"]
[Round "1.21"]
[White "Antipov, Mikhail Al"]
[Black "Ovetchkin, Roman"]
[Result "1-0"]
[WhiteElo "2358"]
[BlackElo "2498"]
[PlyCount "163"]
[EventDate "2011.02.08"]
[EventType "swiss"]
[EventRounds "9"]
[EventCountry "RUS"]
[Source "lmi"]
[SourceDate "2011.02.08"]

1. e4 c6 2. d4 d5 3. e5 Bf5 4. Nd2 e6 5. Nb3 Nd7 6. Nf3 Ne7 7. Be2 Nc8 8. O-O
Be7 9. Be3 Ncb6 10. Nbd2 Na4 11. Qc1 b5 12. c3 O-O 13. Ne1 f6 14. exf6 Nxf6 15.
b3 Nb6 16. f4 Bd6 17. Nd3 Rc8 18. Nc5 Qe7 19. b4 Nc4 20. Nf3 a5 21. a3 axb4 22.
axb4 Ra8 23. Bxc4 dxc4 24. Ne5 Qc7 25. Qd2 Ne4 26. Nxe4 Bxe4 27. Ra2 Rxa2 28.
Qxa2 h6 29. Qf2 Ra8 30. Re1 Bxe5 31. dxe5 Qf7 32. Bd4 Qg6 33. Rf1 Bd5 34. h3
Rf8 35. Qd2 h5 36. Rf2 Ra8 37. Kh2 Ra1 38. f5 exf5 39. Qf4 Be6 40. h4 Kf7 41.
Qf3 Qg4 42. Qxg4 hxg4 43. Kg3 Re1 44. Kf4 Re4+ 45. Kg5 g3 46. Rf4 Re2 47. Rf3
Rxg2 48. Kf4 Rh2 49. Kxg3 Rh1 50. Rf2 Kg6 51. Rg2 Rf1 52. Bf2 Rd1 53. Rg1 Rd3+
54. Kf4+ Kf7 55. Rg3 Rd2 56. Bd4 Rh2 57. Kg5 g6 58. Rg1 Bd5 59. Rg3 Rh1 60. Bg1
Be4 61. Bd4 Rh2 62. Bg1 Rd2 63. Bd4 Rd1 64. Kh6 Rh1 65. e6+ Kxe6 66. Rxg6+ Kd5
67. Kg5 Bf3 68. Rf6 Bg4 69. Bc5 Rh3 70. Rd6+ Ke4 71. Bd4 Bd1 72. Re6+ Kd3 73.
Rxc6 Kc2 74. Rc5 Rg3+ 75. Kxf5 Rf3+ 76. Ke6 Rh3 77. Bf6 Bg4+ 78. Kf7 Kd3 79.
Rxb5 Be2 80. Rc5 Rh1 81. Kg6 Rg1+ 82. Rg5 1-0

[Event "Aeroflot Open 2011 B"]
[Site "Moscu RUS"]
[Date "2011.02.08"]
[Round "1.22"]
[White "Belous, Vladimir"]
[Black "Filipenko, Alexander V"]
[Result "1/2-1/2"]
[WhiteElo "2497"]
[BlackElo "2357"]
[PlyCount "107"]
[EventDate "2011.02.08"]
[EventType "swiss"]
[EventRounds "9"]
[EventCountry "RUS"]
[Source "lmi"]
[SourceDate "2011.02.08"]

1. d4 d5 2. c4 c6 3. Nf3 Nf6 4. Nc3 e6 5. Bg5 h6 6. Bxf6 Qxf6 7. e3 g6 8. Rc1
Nd7 9. Bd3 Bg7 10. O-O O-O 11. e4 dxe4 12. Nxe4 Qd8 13. Re1 e5 14. Nd6 exd4 15.
c5 b6 16. b4 bxc5 17. bxc5 Nxc5 18. Nxc8 Ne6 19. Bxg6 Rxc8 20. Bf5 Re8 21. Ne5
Qg5 22. Qc2 d3 23. Qxd3 Bxe5 24. h4 Qf4 25. g3 Qd4 26. Qf3 Bg7 27. Rxc6 Qf6 28.
Rexe6 fxe6 29. Bxe6+ Qxe6 30. Rxe6 Rxe6 31. Qb7 Rc1+ 32. Kg2 a6 33. f4 Rc2+ 34.
Kh3 Rcc6 35. Qb3 Kf8 36. Kg4 Red6 37. f5 Rb6 38. Qf3 Kf7 39. Kh5 Rb4 40. Qe3
Bd4 41. Qc1 Rbb6 42. g4 Rbc6 43. Qf4 Ke7 44. a3 Kd7 45. g5 hxg5 46. hxg5 Kc8
47. Qe4 Kc7 48. a4 Kb6 49. f6 Bxf6 50. gxf6 Rxf6 51. Qb4+ Kc7 52. Qe7+ Kc8 53.
Qe8+ Kb7 54. Qe7+ 1/2-1/2

[Event "Aeroflot Open 2011 B"]
[Site "Moscu RUS"]
[Date "2011.02.08"]
[Round "1.23"]
[White "Zolotukhin, Valery"]
[Black "Xu, Jun"]
[Result "1/2-1/2"]
[WhiteElo "2348"]
[BlackElo "2494"]
[PlyCount "73"]
[EventDate "2011.02.08"]
[EventType "swiss"]
[EventRounds "9"]
[EventCountry "RUS"]
[Source "lmi"]
[SourceDate "2011.02.08"]

1. e4 c5 2. Nf3 d6 3. d4 cxd4 4. Nxd4 Nf6 5. Nc3 a6 6. Be3 e6 7. f3 Be7 8. Qd2
O-O 9. O-O-O Nc6 10. g4 Nxd4 11. Bxd4 Nd7 12. h4 b5 13. g5 Qc7 14. h5 b4 15.
Na4 Rb8 16. b3 Ne5 17. Qg2 Bd7 18. f4 Bxa4 19. bxa4 b3 20. axb3 Rxb3 21. Rh3
Rxh3 22. Qxh3 Rc8 23. Qb3 Nc4 24. Bxc4 Qxc4 25. Qxc4 Rxc4 26. Kb2 e5 27. fxe5
dxe5 28. Bxe5 Rxe4 29. Rd5 Bxg5 30. Bxg7 f6 31. h6 Rxa4 32. Kb3 Re4 33. c4 Kf7
34. c5 a5 35. Rd7+ Ke6 36. Rd6+ Ke5 37. Ra6 1/2-1/2